000 00316nam a2200121Ia 4500
008 190216s9999||||xx |||||||||||||| ||und||
100 _aRam. B
245 0 _aComputer Fundamentals Architecture And Organisation
260 _bNew Age International Publishers
_c2000
300 _a473p
650 _aPhysics
942 _cBK
999 _c8486
_d8486